000 00911nam a2200265Ia 4500
001 Para_2714
003 CHAP
008 220125s9999 xx 000 0 und d
010 _a201308
040 _cCHAP
082 _aPA-C 595.77 D5
100 _aAldrich, John Merton
_93721
245 _aA new genus and species of two-winged flies of the family chloropidae injuring manihot /
_c by J. M. Aldrich
300 _a2 p.
440 _aDiptera; 1
_9166205
500 _aSobretiro de: Proceedings U. S. National Museum 65 (2534): 1-2 Encuadernado con: Keyto gall midges (A resume of studies I-VII, itonididae) / EphraĆ­m Porter Leit 70-200
650 _aDipteros
_x Colecciones de escritos Chloropidae
_9166207
901 _aPA-C 595.77 D5
902 _aA
905 _a000000 0000000000 00
910 _a
942 _cPARA
942 _cPARA
_d1
999 _c201308
_d201308